|
|
|
|
| LEADER |
01824nam a2200457 a 4500 |
| 001 |
nkc20142627459 |
| 003 |
CZ PrNK |
| 005 |
20141128083613.0 |
| 007 |
ta |
| 008 |
140930s2014 xr a d p 001 0 cze |
| 015 |
|
|
|a cnb002627459
|
| 020 |
|
|
|a 978-80-7478-514-6
|q (brož.)
|z 978-80-7357-454-3
|
| 035 |
|
|
|a (OCoLC)894846623
|
| 040 |
|
|
|a OLA001
|b cze
|d ABA001
|
| 072 |
|
7 |
|a 611
|x Anatomie člověka a srovnávací anatomie
|2 Konspekt
|9 14
|
| 072 |
|
7 |
|a 37.016
|x Učební osnovy. Vyučovací předměty. Učebnice
|2 Konspekt
|9 22
|
| 080 |
|
|
|a 611/612
|2 MRF
|
| 080 |
|
|
|a (075.3)
|2 MRF
|
| 100 |
1 |
|
|a Rokyta, Richard,
|d 1938-
|7 nlk19990073780
|4 aut
|
| 245 |
1 |
0 |
|a Somatologie :
|b učebnice /
|c Richard Rokyta, Dana Marešová, Zuzana Turková ; [ilustrace Ondřej Svátek]
|
| 246 |
3 |
|
|a Učebnice somatologie
|
| 250 |
|
|
|a 6. vyd.
|
| 260 |
|
|
|a Praha :
|b Wolters Kluwer,
|c 2014
|
| 300 |
|
|
|a 259 s. :
|b barev. il. ;
|c 24 cm
|
| 500 |
|
|
|a V tiráži: Vyd. 6., Ve Wolters Kluwer 2.
|
| 500 |
|
|
|a Terminologický slovník
|
| 500 |
|
|
|a Obsahuje rejstřík
|
| 650 |
0 |
7 |
|a somatologie
|7 ph125836
|2 czenas
|
| 650 |
0 |
9 |
|a somatology
|2 eczenas
|
| 655 |
|
7 |
|a učebnice středních škol
|7 fd133771
|2 czenas
|
| 655 |
|
9 |
|a textbooks (secondary)
|2 eczenas
|
| 700 |
1 |
|
|a Marešová, Dana,
|d 1946-
|7 jn20000710437
|4 aut
|
| 700 |
1 |
|
|a Turková, Zuzana
|7 xx0012661
|4 aut
|
| 910 |
2 |
|
|a BOA001
|b 2-1333.170
|
| 928 |
9 |
|
|a Wolters Kluwer Česká republika
|
| 990 |
|
|
|a BK
|
| 995 |
|
|
|a 01
|
| 991 |
|
|
|b 201410
|c NOV
|e n
|
| 996 |
6 |
|
|b 2610606723
|c 2-1333.170
|l MZK
|r Sklad / do 1 hodiny
|n 3
|p p.v.
|w 001459914
|u 000010
|a 1
|e BOA001
|j MZK50
|s P
|
| 996 |
6 |
|
|b 2610613736
|c 2-1333.170
|l MZK
|r STM 6p
|n 0
|p kup
|h 611 ROK
|w 001459914
|u 000020
|a 0
|e BOA001
|j MZK50
|s P
|
| 996 |
7 |
|
|b 2610613737
|c 2-1333.170
|l Vol.výběr
|r VV 0p
|n 29
|p kup
|h 611 ROK
|w 001459914
|u 000030
|a 0
|e BOA001
|j MZK50
|s A
|